000 00471nam a2200181Ia 4500
008 100920s9999 xx 000 0 und d
082 _b14109
_a6 थ 57
100 _aGreen Graham.
245 _athe quiet american.
260 _bBANTAM BOOKS, NEW YORK.
_c1957
300 _a183
_bसाधी
365 _b3
520 _aई.एल. एफ.
630 _athe quiet american.
650 _aई.एल. एफ.
730 _athe quiet american.
942 _cBOOK
999 _c678295
_d678292